000 00866nam a2200205Ii 4500
003 JO-AjNU
008 230605s9999||||xx |||||||||||||| ||und||
017 _a1973/3176
040 _aJO-AjNU
_bara
_erda
_cJO-AjNU
041 _aara
050 1 4 _aBP189.G3922 1973
100 3 _aالغزالي، محمد بن محمد ؛ تقديم وتحقيق وتعليق: محمد مصطفى أبو العلا، محمد محمد جابر,
_eauthor
_937766
245 0 0 _aالمنقذ من الضلال ومعه كيمياء السعادة والقواعد العشرة و الأدب في الدين
264 3 1 _aالقاهرة: مكتبة الجندي، 1973
300 _a182ص
336 _atext
_btxt
_2rdacontent
337 _aunmediated
_bn
_2rdamedia
338 _avolume
_bnc
_2rdacarrier
650 4 _aالتصوف الاسلامي- الوعظ والارشاد
_937767
999 _aA15809
_c19377
_d19377